00687nam a2200217Ia 4500008004100000020001800041050001600059050001800075100003000093245002900123245005500152245002900207260001700236260002000253260000900273300001600282300002000298300001100318650006000329650008000389160418s9999 xx 000 0 und d a971-569-026-2 aFIL PE 1122 b.D33 1992 c.1 aDadufalza, Concepcion D.  aReading into writing 1 : ba handbook-workbook for college freshman English / cConcepcion D. Dadufalza. aMakati City: bBookmark, Inc., c1992 a339 pages : billustrations ; c25 cm. aReading (Higher education) -- Handbooks, manuals, etc.  xEnglish language -- Study and teaching (Higher) -- Handbooks, manuals, etc.